00634cam a22002171 4500001001300000003000400013005001700017008004100034010001700075035001900092040002100111042001200132050001900144082001000163100002900173245010100202260003900303300002900342490002800371999001700399ca 36001202 DLC20260227111142.0750520s1928 nyu 000 0 eng  aca 36001202  a(OCoLC)1347369 aDLCcFMdNNdDLC apremarc00aPN6120.A5bK33 a812.51 aKaufman, Hazel Sharrard.10aLittle black Sambo,ba play in three scenes for pre-school children,cby Hazel Sharrard Kaufman. aNew York City,bS. Frenchc[c1928] a4 p. l., 3-21 p.c20 cm.0 aThe Junior league plays c18218d18218